NLSUI OPAC header image

The Verdict : (Record no. 113242)

MARC details
000 -LEADER
fixed length control field 01280cam a2200349 i 4500
001 - CONTROL NUMBER
control field 22149709
003 - CONTROL NUMBER IDENTIFIER
control field DLC
005 - DATE AND TIME OF LATEST TRANSACTION
control field 20260525160924.0
007 - PHYSICAL DESCRIPTION FIXED FIELD--GENERAL INFORMATION
fixed length control field t|
008 - FIXED-LENGTH DATA ELEMENTS--GENERAL INFORMATION
fixed length control field 190515t20192019ii 000 0 eng d
010 ## - LIBRARY OF CONGRESS CONTROL NUMBER
LC control number 2020340633
020 ## - INTERNATIONAL STANDARD BOOK NUMBER
International Standard Book Number 9780670092260 (hbk.)
025 ## - OVERSEAS ACQUISITION NUMBER
Overseas acquisition number I-E-2020340633
035 ## - SYSTEM CONTROL NUMBER
System control number (OCoLC)1101406918
037 ## - SOURCE OF ACQUISITION
Source of stock number/acquisition Library of Congress -- New Delhi Overseas Office
040 ## - CATALOGING SOURCE
Original cataloging agency SINUS
Language of cataloging eng
Description conventions rda
Transcribing agency SINUS
Modifying agency OCLCO
-- OCLCF
-- CUY
-- DLC
-- DLC-MRC
-- DLC
042 ## - AUTHENTICATION CODE
Authentication code lccopycat
-- lcode
043 ## - GEOGRAPHIC AREA CODE
Geographic area code a-ii---
Authority record control number or standard number http://id.loc.gov/vocabulary/geographicAreas/a-ii
082 ## - DEWEY DECIMAL CLASSIFICATION NUMBER
Edition number 324.6 ROY
100 1# - MAIN ENTRY--PERSONAL NAME
Personal name Roy, Prannoy
245 14 - TITLE STATEMENT
Title The Verdict :
Remainder of title decoding India's elections /
Statement of responsibility, etc. by Prannoy Roy and Dorab R. Sopariwala.
264 #1 - PRODUCTION, PUBLICATION, DISTRIBUTION, MANUFACTURE, AND COPYRIGHT NOTICE
Place of production, publication, distribution, manufacture Haryana :
Name of producer, publisher, distributor, manufacturer Vintage Books,
Date of production, publication, distribution, manufacture, or copyright notice 2019.
264 #4 - PRODUCTION, PUBLICATION, DISTRIBUTION, MANUFACTURE, AND COPYRIGHT NOTICE
Date of production, publication, distribution, manufacture, or copyright notice ©2019
300 ## - PHYSICAL DESCRIPTION
Extent x, 289 p. ;
Other physical details illu ;
Dimensions 25 cm
365 ## - TRADE PRICE
Price amount Rs. 549
505 ## - Contents
Contents Part I Turning on India ‘s Elections ;<br/>Part II How to forecast India’s Elections;<br/>Part III How to make own forecasts;<br/>Part IV Divide and rules;<br/>Part V canulation.<br/><br/>
650 #0 - SUBJECT ADDED ENTRY--TOPICAL TERM
Topical term or geographic name entry element Elections
Geographic subdivision India
700 1# - ADDED ENTRY--PERSONAL NAME
Personal name Sopariwala, Dorab R.
906 ## - LOCAL DATA ELEMENT F, LDF (RLIN)
a 7
b cbc
c copycat
d 3
e ncip
f 20
g y-gencatlg
942 ## - ADDED ENTRY ELEMENTS (KOHA)
Source of classification or shelving scheme Dewey Decimal Classification
Koha item type BOOKs
Holdings
Withdrawn status Lost status Source of classification or shelving scheme Materials specified (bound volume or other part) Damaged status Not for loan Home library Current library Shelving location Date acquired Source of acquisition Cost, normal purchase price Total Checkouts Full call number Barcode Date last seen Price effective from Koha item type
    Dewey Decimal Classification HB     NLS NLS General Stacks 28/03/2019 Purchased 599.00   324.6 ROY 37075 28/03/2019 28/03/2019 BOOKs